[Event "WCO2014"]
[Site "Tromso"]
[Date "2014.08.03"]
[Round "2.36"]
[WhiteID "12400149"]
[White "Hoang Thanh Trang"]
[BlackID "5300517"]
[Black "Mouradian Knarik"]
[Result "1-0"]
[LiveChessVersion "1.4.3"]
[BlackElo "2188"]
[WhiteElo "2485"]

1. d4 {[%clk 1:30:46]} Nf6 {[%clk 1:30:43]} 2. c4 {[%clk 1:30:44]} g6
{[%clk 1:30:57]} 3. Nc3 {[%clk 1:30:53]} Bg7 {[%clk 1:31:08]} 4. e4
{[%clk 1:31:01]} d6 {[%clk 1:31:22]} 5. Be2 {[%clk 1:30:13]} O-O {[%clk 1:31:36]}
6. Bg5 {[%clk 1:30:18]} Na6 {[%clk 1:29:45]} 7. f4 {[%clk 1:28:33]} c6
{[%clk 1:28:36]} 8. Nf3 {[%clk 1:26:15]} d5 {[%clk 1:11:26]} 9. Bxf6
{[%clk 1:22:04]} Bxf6 {[%clk 1:09:50]} 10. cxd5 {[%clk 1:21:54]} cxd5
{[%clk 1:08:11]} 11. Nxd5 {[%clk 1:18:33]} Bg7 {[%clk 1:06:53]} 12. Ne3
{[%clk 1:10:50]} Nc7 {[%clk 0:51:55]} 13. g3 {[%clk 1:04:12]} Ne6
{[%clk 0:31:03]} 14. e5 {[%clk 1:01:18]} b5 {[%clk 0:25:21]} 15. O-O
{[%clk 0:56:54]} Bb7 {[%clk 0:23:24]} 16. f5 {[%clk 0:55:52]} Nc7
{[%clk 0:22:39]} 17. Qd3 {[%clk 0:52:59]} Nd5 {[%clk 0:17:23]} 18. fxg6
{[%clk 0:49:34]} hxg6 {[%clk 0:15:20]} 19. Ng2 {[%clk 0:44:01]} Nc7
{[%clk 0:10:33]} 20. Ng5 {[%clk 0:40:54]} Bxg2 {[%clk 0:05:51]} 21. Kxg2
{[%clk 0:40:59]} e6 {[%clk 0:04:52]} 22. h4 {[%clk 0:36:58]} Rc8 {[%clk 0:04:02]}
23. Rf3 {[%clk 0:28:37]} Nd5 {[%clk 0:01:02]} 24. Raf1 {[%clk 0:27:55]} Rc7
{[%clk 0:00:50]} 25. Kh2 {[%clk 0:26:31]} Nb4 {[%clk 0:00:37]} 26. Qe4
{[%clk 0:24:40]} Qd5 {[%clk 0:00:36]} 27. Qxd5 {[%clk 0:23:06]} Nxd5
{[%clk 0:00:53]} 28. Bxb5 {[%clk 0:22:06]} Rb8 {[%clk 0:00:48]} 29. Rb3
{[%clk 0:17:58]} Rc2+ {[%clk 0:00:53]} 30. Kh3 {[%clk 0:18:19]} Rb7
{[%clk 0:00:35]} 31. Be8 {[%clk 0:18:11]} Rxb3 {[%clk 0:00:32]} 32. Bxf7+
{[%clk 0:18:07]} Kh8 {[%clk 0:00:48]} 33. axb3 {[%clk 0:18:20]} Ne3
{[%clk 0:00:35]} 34. Rf3 {[%clk 0:16:23]} Nd1 {[%clk 0:00:42]} 35. Ne4
{[%clk 0:14:08]} Rxb2 {[%clk 0:00:36]} 36. Bxe6 {[%clk 0:13:52]} Re2
{[%clk 0:00:54]} 37. Nc3 {[%clk 0:11:40]} Nxc3 {[%clk 0:00:39]} 38. Rxc3
{[%clk 0:12:01]} Rd2 {[%clk 0:00:34]} 39. Rc8+ {[%clk 0:11:48]} Kh7
{[%clk 0:00:56]} 40. Bg8+ {[%clk 0:11:00]} Kh8 {[%clk 0:00:40]} 41. Bc4+
{[%clk 0:10:56]} Kh7 {[%clk 0:00:58]} 42. e6 {[%clk 0:11:10]} 1-0

[Event "WCO2014"]
[Site "Tromso"]
[Date "2014.08.03"]
[Round "2.35"]
[WhiteID "14100908"]
[White "Nekrasova Elena"]
[BlackID "709751"]
[Black "Gara Anita"]
[Result "0-1"]
[LiveChessVersion "1.4.3"]
[BlackElo "2327"]
[WhiteElo "2076"]

1. e4 {[%clk 1:30:57]} c5 {[%clk 1:30:52]} 2. Nf3 {[%clk 1:31:22]} e6
{[%clk 1:31:11]} 3. d4 {[%clk 1:31:15]} cxd4 {[%clk 1:31:37]} 4. Nxd4
{[%clk 1:31:41]} Nc6 {[%clk 1:32:02]} 5. Nc3 {[%clk 1:31:41]} Qc7
{[%clk 1:32:26]} 6. Be3 {[%clk 1:31:14]} a6 {[%clk 1:32:47]} 7. Bd3
{[%clk 1:30:19]} Nf6 {[%clk 1:32:33]} 8. O-O {[%clk 1:30:05]} Ne5
{[%clk 1:32:09]} 9. h3 {[%clk 1:15:36]} Bc5 {[%clk 1:31:16]} 10. f4
{[%clk 1:11:44]} Nc6 {[%clk 1:26:25]} 11. Nce2 {[%clk 1:09:08]} d6
{[%clk 1:21:54]} 12. c3 {[%clk 1:01:57]} O-O {[%clk 1:06:50]} 13. Kh1
{[%clk 0:58:57]} b5 {[%clk 1:03:59]} 14. Bf2 {[%clk 0:53:04]} Bb7
{[%clk 1:01:35]} 15. Bh4 {[%clk 0:52:16]} Bxd4 {[%clk 0:46:15]} 16. Nxd4
{[%clk 0:47:11]} Nxd4 {[%clk 0:40:30]} 17. Bxf6 {[%clk 0:47:03]} gxf6
{[%clk 0:40:14]} 18. cxd4 {[%clk 0:32:39]} Kh8 {[%clk 0:38:26]} 19. Qh5
{[%clk 0:29:58]} Rg8 {[%clk 0:37:01]} 20. Rf2 {[%clk 0:22:32]} Rg3
{[%clk 0:28:07]} 21. Rc2 {[%clk 0:18:58]} Qd7 {[%clk 0:21:45]} 22. Rac1
{[%clk 0:14:07]} Rc8 {[%clk 0:22:09]} 23. Rxc8+ {[%clk 0:13:15]} Bxc8
{[%clk 0:22:38]} 24. Qh4 {[%clk 0:13:03]} Rg6 {[%clk 0:19:34]} 25. Rc2
{[%clk 0:08:09]} Bb7 {[%clk 0:19:34]} 26. Qe1 {[%clk 0:08:38]} f5
{[%clk 0:13:38]} 27. exf5 {[%clk 0:07:02]} exf5 {[%clk 0:13:52]} 28. Re2
{[%clk 0:04:13]} Qc6 {[%clk 0:13:12]} 29. Bxf5 {[%clk 0:02:17]} Rxg2
{[%clk 0:12:19]} 30. Re8+ {[%clk 0:01:13]} Rg8+ {[%clk 0:11:13]} 31. Re4
{[%clk 0:01:19]} Qc2 {[%clk 0:11:04]} 0-1

[Event "WCO2014"]
[Site "Tromso"]
[Date "2014.08.03"]
[Round "2.34"]
[WhiteID "717444"]
[White "Gara Ticia"]
[BlackID "5300800"]
[Black "Jalloul Maya M."]
[Result "1-0"]
[LiveChessVersion "1.4.3"]
[BlackElo "1922"]
[WhiteElo "2321"]

1. e4 {[%clk 1:30:58]} c5 {[%clk 1:30:41]} 2. Nc3 {[%clk 1:31:21]} a6
{[%clk 1:27:20]} 3. Nge2 {[%clk 1:30:49]} d6 {[%clk 1:23:33]} 4. g3
{[%clk 1:30:18]} g6 {[%clk 1:21:49]} 5. Bg2 {[%clk 1:22:31]} Bg7 {[%clk 1:20:29]}
6. O-O {[%clk 1:18:12]} e6 {[%clk 1:17:27]} 7. d4 {[%clk 1:17:29]} cxd4
{[%clk 1:09:59]} 8. Nxd4 {[%clk 1:17:52]} Ne7 {[%clk 1:08:37]} 9. Bg5
{[%clk 1:11:49]} O-O {[%clk 0:57:21]} 10. Qd2 {[%clk 1:10:42]} Qc7
{[%clk 0:55:13]} 11. Rad1 {[%clk 1:03:50]} Rd8 {[%clk 0:51:10]} 12. h4
{[%clk 0:54:29]} Nbc6 {[%clk 0:46:32]} 13. Nxc6 {[%clk 0:45:07]} bxc6
{[%clk 0:46:30]} 14. Rfe1 {[%clk 0:38:52]} Rb8 {[%clk 0:38:12]} 15. b3
{[%clk 0:35:33]} Bb7 {[%clk 0:33:04]} 16. Na4 {[%clk 0:28:17]} c5
{[%clk 0:30:10]} 17. c4 {[%clk 0:25:02]} Bc6 {[%clk 0:24:53]} 18. Nc3
{[%clk 0:24:44]} Bb7 {[%clk 0:18:43]} 19. h5 {[%clk 0:20:32]} gxh5
{[%clk 0:13:06]} 20. Bh6 {[%clk 0:16:41]} Ng6 {[%clk 0:10:00]} 21. Bxg7
{[%clk 0:12:47]} Kxg7 {[%clk 0:10:22]} 22. Qg5 {[%clk 0:12:06]} h4
{[%clk 0:06:55]} 23. gxh4 {[%clk 0:11:55]} Qe7 {[%clk 0:05:09]} 24. Qxe7
{[%clk 0:08:50]} Nxe7 {[%clk 0:05:37]} 25. e5 {[%clk 0:08:19]} Bxg2
{[%clk 0:03:41]} 26. Kxg2 {[%clk 0:04:55]} d5 {[%clk 0:01:35]} 27. cxd5
{[%clk 0:04:59]} exd5 {[%clk 0:01:16]} 28. f4 {[%clk 0:03:13]} d4
{[%clk 0:01:00]} 29. Ne4 {[%clk 0:03:14]} Nd5 {[%clk 0:01:01]} 30. Kf3
{[%clk 0:03:19]} Ne3 {[%clk 0:00:46]} 31. Rc1 {[%clk 0:03:15]} Nf5
{[%clk 0:00:50]} 32. Nxc5 {[%clk 0:01:47]} Nxh4+ {[%clk 0:00:32]} 33. Ke4
{[%clk 0:02:13]} Kf8 {[%clk 0:00:32]} 34. Rh1 {[%clk 0:01:43]} Ng6
{[%clk 0:00:34]} 35. f5 {[%clk 0:01:42]} Ne7 {[%clk 0:00:47]} 36. Rxh7
{[%clk 0:01:30]} Nc6 {[%clk 0:00:34]} 37. f6 {[%clk 0:01:16]} Kg8
{[%clk 0:00:34]} 38. Rch1 {[%clk 0:01:27]} 1-0

[Event "WCO2014"]
[Site "Tromso"]
[Date "2014.08.03"]
[Round "2.33"]
[WhiteID "5300479"]
[White "Bedrosian Danielle"]
[BlackID "739049"]
[Black "Papp Petra"]
[Result "0-1"]
[LiveChessVersion "1.4.3"]
[BlackElo "2274"]
[WhiteElo "1715"]

1. c4 {[%clk 1:30:56]} g6 {[%clk 1:30:35]} 2. Nc3 {[%clk 1:30:51]} Bg7
{[%clk 1:30:37]} 3. e4 {[%clk 1:28:37]} e5 {[%clk 1:24:01]} 4. g3
{[%clk 1:24:15]} d6 {[%clk 1:23:19]} 5. Bg2 {[%clk 1:24:21]} Nc6 {[%clk 1:22:13]}
6. d3 {[%clk 1:13:11]} f5 {[%clk 1:22:09]} 7. exf5 {[%clk 0:36:01]} Bxf5
{[%clk 1:21:02]} 8. Nf3 {[%clk 0:31:13]} Nge7 {[%clk 1:17:14]} 9. O-O
{[%clk 0:30:49]} Qd7 {[%clk 1:15:07]} 10. Nh4 {[%clk 0:25:35]} Bh3
{[%clk 1:01:54]} 11. Be3 {[%clk 0:11:01]} Bxg2 {[%clk 0:57:52]} 12. Nxg2
{[%clk 0:10:55]} O-O {[%clk 0:53:42]} 13. Ne1 {[%clk 0:05:36]} Qh3
{[%clk 0:48:58]} 14. f3 {[%clk 0:02:42]} Nf5 {[%clk 0:45:53]} 15. Bf2
{[%clk 0:03:10]} Bh6 {[%clk 0:44:21]} 16. Ne4 {[%clk 0:02:31]} Ne3
{[%clk 0:39:47]} 17. Bxe3 {[%clk 0:02:37]} Bxe3+ {[%clk 0:40:07]} 18. Kh1 0-1

[Event "WCO2014"]
[Site "Tromso"]
[Date "2014.08.03"]
[Round "2.10"]
[WhiteID "2907763"]
[White "Videnova Iva"]
[BlackID "1504959"]
[Black "Reppen Ellisiv"]
[Result "1-0"]
[LiveChessVersion "1.4.3"]
[BlackElo "2016"]
[WhiteElo "2342"]

1. e4 {[%clk 1:30:54]} e5 {[%clk 1:30:54]} 2. Nf3 {[%clk 1:31:15]} Nc6
{[%clk 1:31:18]} 3. Bb5 {[%clk 1:31:36]} a6 {[%clk 1:31:40]} 4. Ba4
{[%clk 1:32:00]} Nf6 {[%clk 1:31:58]} 5. O-O {[%clk 1:32:13]} d6 {[%clk 1:32:00]}
6. Re1 {[%clk 1:25:09]} Be7 {[%clk 1:31:03]} 7. c3 {[%clk 1:24:12]} b5
{[%clk 1:30:52]} 8. Bb3 {[%clk 1:24:09]} O-O {[%clk 1:28:58]} 9. h3
{[%clk 1:24:30]} Na5 {[%clk 1:28:40]} 10. Bc2 {[%clk 1:24:52]} c5
{[%clk 1:28:36]} 11. d4 {[%clk 1:25:15]} Qc7 {[%clk 1:28:19]} 12. Nbd2
{[%clk 1:25:32]} cxd4 {[%clk 1:27:28]} 13. cxd4 {[%clk 1:25:52]} Bd7
{[%clk 1:27:11]} 14. Nf1 {[%clk 1:25:27]} Rac8 {[%clk 1:25:49]} 15. Bb1
{[%clk 1:21:38]} Rfe8 {[%clk 1:22:43]} 16. Ne3 {[%clk 1:12:56]} Bf8
{[%clk 1:19:59]} 17. d5 {[%clk 1:00:21]} g6 {[%clk 1:14:11]} 18. Bd2
{[%clk 0:56:14]} Bg7 {[%clk 1:02:59]} 19. Bd3 {[%clk 0:55:11]} Nb7
{[%clk 0:58:44]} 20. b4 {[%clk 0:53:59]} Nh5 {[%clk 0:55:15]} 21. Bf1
{[%clk 0:52:15]} Qd8 {[%clk 0:51:26]} 22. a4 {[%clk 0:47:04]} f5 {[%clk 0:42:55]}
23. axb5 {[%clk 0:44:53]} axb5 {[%clk 0:40:37]} 24. Ra7 {[%clk 0:43:19]} Qb6
{[%clk 0:36:04]} 25. Qa1 {[%clk 0:42:27]} f4 {[%clk 0:25:53]} 26. Nd1
{[%clk 0:41:54]} Nf6 {[%clk 0:22:54]} 27. Nc3 {[%clk 0:41:32]} Rb8
{[%clk 0:17:19]} 28. Ra6 {[%clk 0:38:56]} Qd8 {[%clk 0:16:00]} 29. Nxb5
{[%clk 0:38:01]} Qe7 {[%clk 0:12:43]} 30. Na7 {[%clk 0:37:23]} Qf8
{[%clk 0:10:48]} 31. Rb6 {[%clk 0:32:31]} Nxd5 {[%clk 0:06:41]} 32. Bc4
{[%clk 0:29:03]} Be6 {[%clk 0:04:00]} 33. exd5 {[%clk 0:29:20]} Bf5
{[%clk 0:02:07]} 34. Qa6 {[%clk 0:28:55]} e4 {[%clk 0:01:31]} 35. Rxb7
{[%clk 0:27:40]} exf3 {[%clk 0:01:23]} 36. Rxb8 {[%clk 0:25:44]} Rxe1+
{[%clk 0:01:44]} 37. Bxe1 {[%clk 0:26:07]} Qxb8 {[%clk 0:02:11]} 38. Bd2
{[%clk 0:18:53]} fxg2 {[%clk 0:01:44]} 39. Nc6 {[%clk 0:11:38]} Qe8
{[%clk 0:01:36]} 40. Bd3 {[%clk 0:07:23]} Bxh3 {[%clk 0:01:24]} 41. Qc4
{[%clk 0:07:09]} g5 {[%clk 0:06:24]} 42. Bxh7+ {[%clk 0:31:13]} Kh8
{[%clk 0:06:01]} 43. Qe4 {[%clk 0:30:57]} Qh5 {[%clk 0:05:27]} 44. Bg6
{[%clk 0:31:02]} Qd1+ {[%clk 0:04:16]} 45. Qe1 {[%clk 0:29:47]} Qxe1+
{[%clk 0:03:38]} 46. Bxe1 {[%clk 0:30:12]} f3 {[%clk 0:02:27]} 47. Bh5
{[%clk 0:30:36]} 1-0

[Event "WCO2014"]
[Site "Tromso"]
[Date "2014.08.03"]
[Round "2.11"]
[WhiteID "1502972"]
[White "Gronnestad Anita"]
[BlackID "2908689"]
[Black "Nikolova Adriana"]
[Result "0-1"]
[LiveChessVersion "1.4.3"]
[BlackElo "2325"]
[WhiteElo "1997"]

1. d4 {[%clk 1:30:54]} Nf6 {[%clk 1:30:16]} 2. c4 {[%clk 1:31:10]} e6
{[%clk 1:29:49]} 3. Nc3 {[%clk 1:31:24]} Bb4 {[%clk 1:29:35]} 4. f3
{[%clk 1:31:27]} d5 {[%clk 1:28:53]} 5. e3 {[%clk 1:29:30]} O-O {[%clk 1:25:45]}
6. a3 {[%clk 1:28:12]} Bxc3+ {[%clk 1:22:46]} 7. bxc3 {[%clk 1:28:32]} Nbd7
{[%clk 1:22:43]} 8. cxd5 {[%clk 1:23:24]} exd5 {[%clk 1:17:13]} 9. Bd3
{[%clk 1:14:58]} Nh5 {[%clk 1:09:24]} 10. Nh3 {[%clk 1:12:04]} f5
{[%clk 0:50:58]} 11. O-O {[%clk 1:09:13]} Nb6 {[%clk 0:50:33]} 12. Bc2
{[%clk 0:49:30]} g6 {[%clk 0:40:53]} 13. Nf2 {[%clk 0:45:01]} c6 {[%clk 0:33:27]}
14. Bb3 {[%clk 0:38:42]} Be6 {[%clk 0:30:48]} 15. Nd3 {[%clk 0:37:08]} Nd7
{[%clk 0:31:10]} 16. a4 {[%clk 0:33:24]} Re8 {[%clk 0:29:55]} 17. Bd2
{[%clk 0:30:46]} Nhf6 {[%clk 0:25:09]} 18. Nf4 {[%clk 0:28:42]} Bf7
{[%clk 0:23:33]} 19. Qb1 {[%clk 0:25:03]} b6 {[%clk 0:20:17]} 20. Qa2
{[%clk 0:24:13]} Qe7 {[%clk 0:10:43]} 21. Rae1 {[%clk 0:23:31]} Nf8
{[%clk 0:06:34]} 22. Bc1 {[%clk 0:18:12]} Ne6 {[%clk 0:05:23]} 23. Ba3
{[%clk 0:16:54]} Qc7 {[%clk 0:05:43]} 24. Nxe6 {[%clk 0:13:47]} Bxe6
{[%clk 0:06:01]} 25. e4 {[%clk 0:10:03]} f4 {[%clk 0:06:14]} 26. e5
{[%clk 0:09:36]} Nh5 {[%clk 0:06:41]} 27. Bd6 {[%clk 0:09:40]} Qf7
{[%clk 0:05:50]} 28. Qf2 {[%clk 0:07:55]} Ng7 {[%clk 0:05:30]} 29. Bc2
{[%clk 0:07:43]} Bf5 {[%clk 0:04:41]} 30. Bxf5 {[%clk 0:05:23]} Nxf5
{[%clk 0:03:40]} 31. e6 {[%clk 0:05:21]} Rxe6 {[%clk 0:04:01]} 32. Rxe6
{[%clk 0:04:24]} Qxe6 {[%clk 0:04:21]} 33. Bxf4 {[%clk 0:04:36]} Re8
{[%clk 0:04:44]} 34. Be5 {[%clk 0:03:42]} c5 {[%clk 0:04:58]} 35. g4
{[%clk 0:03:05]} Nd6 {[%clk 0:04:55]} 36. dxc5 {[%clk 0:00:47]} Qxe5
{[%clk 0:03:11]} 37. cxd6 {[%clk 0:01:15]} Qxd6 {[%clk 0:03:36]} 38. Rd1
{[%clk 0:01:18]} Qf4 {[%clk 0:03:03]} 39. Rxd5 {[%clk 0:00:42]} Qxa4
{[%clk 0:02:45]} 40. Qd2 {[%clk 0:00:52]} Qc4 {[%clk 0:00:39]} 41. Rd8
{[%clk 0:26:10]} Qc5+ {[%clk 0:16:25]} 42. Kg2 {[%clk 0:25:24]} Rxd8
{[%clk 0:16:25]} 43. Qxd8+ {[%clk 0:25:45]} Kf7 {[%clk 0:16:20]} 44. Qd7+
{[%clk 0:24:59]} Qe7 {[%clk 0:16:12]} 45. Qd5+ {[%clk 0:24:41]} Kf8
{[%clk 0:16:22]} 46. Qd4 {[%clk 0:21:24]} Ke8 {[%clk 0:14:36]} 47. h3
{[%clk 0:14:51]} g5 {[%clk 0:08:46]} 48. Qa4+ {[%clk 0:13:29]} Kd8
{[%clk 0:08:25]} 49. Qc4 {[%clk 0:11:11]} a5 {[%clk 0:05:55]} 50. Qc6
{[%clk 0:07:03]} Qe2+ {[%clk 0:04:26]} 51. Kg3 {[%clk 0:06:15]} Qe5+
{[%clk 0:03:50]} 52. Kg2 {[%clk 0:06:28]} Qc5 {[%clk 0:03:32]} 53. Qa8+
{[%clk 0:05:27]} Kc7 {[%clk 0:03:29]} 54. Qa7+ {[%clk 0:05:29]} Kc6
{[%clk 0:03:49]} 55. Qxh7 {[%clk 0:02:30]} Qxc3 {[%clk 0:03:40]} 56. Qg6+
{[%clk 0:02:05]} Kb7 {[%clk 0:04:07]} 57. Qxg5 {[%clk 0:01:23]} a4
{[%clk 0:02:48]} 58. Qd5+ {[%clk 0:01:23]} Ka6 {[%clk 0:03:09]} 59. Qa8+
{[%clk 0:01:07]} Kb5 {[%clk 0:03:38]} 60. Qd5+ {[%clk 0:01:02]} Kb4
{[%clk 0:02:50]} 61. Qe4+ {[%clk 0:01:09]} Ka5 {[%clk 0:01:28]} 62. Qa8+
{[%clk 0:01:23]} Kb5 {[%clk 0:01:49]} 63. Qd5+ {[%clk 0:01:33]} Qc5
{[%clk 0:02:11]} 64. Qd3+ {[%clk 0:01:24]} Ka5 {[%clk 0:01:11]} 65. Qd2+
{[%clk 0:01:39]} Ka6 {[%clk 0:01:23]} 66. g5 {[%clk 0:01:40]} a3 {[%clk 0:01:06]}
67. g6 {[%clk 0:02:02]} Qf5 {[%clk 0:00:58]} 68. Qe2+ {[%clk 0:01:56]} b5
{[%clk 0:01:11]} 69. Qe4 {[%clk 0:01:09]} Qg5+ {[%clk 0:01:23]} 70. Kf2
{[%clk 0:00:59]} Qd2+ {[%clk 0:00:46]} 71. Kg3 {[%clk 0:00:52]} Qg5+
{[%clk 0:00:53]} 72. Kf2 {[%clk 0:01:19]} Qd2+ {[%clk 0:01:21]} 73. Kg3
{[%clk 0:01:38]} a2 {[%clk 0:01:11]} 74. Qa8+ {[%clk 0:01:42]} Kb6
{[%clk 0:01:40]} 75. g7 {[%clk 0:01:26]} Qe1+ {[%clk 0:01:23]} 76. Kg2
{[%clk 0:01:18]} Qd2+ {[%clk 0:01:06]} 77. Kg3 {[%clk 0:01:36]} Qg5+
{[%clk 0:01:09]} 78. Kf2 {[%clk 0:01:36]} Qc5+ {[%clk 0:01:09]} 79. Kg2
{[%clk 0:01:31]} Qc2+ {[%clk 0:01:24]} 80. Kg3 {[%clk 0:01:45]} Qc7+
{[%clk 0:01:45]} 81. Kf2 {[%clk 0:01:55]} Qh2+ {[%clk 0:01:43]} 82. Ke3
{[%clk 0:02:12]} Qe5+ {[%clk 0:01:00]} 83. Kf2 {[%clk 0:02:23]} Qd4+
{[%clk 0:01:24]} 84. Ke2 {[%clk 0:02:24]} Qxg7 {[%clk 0:01:33]} 85. Qb8+
{[%clk 0:00:48]} Kc5 {[%clk 0:01:58]} 86. Qc8+ {[%clk 0:00:41]} Kb4
{[%clk 0:02:23]} 0-1

[Event "WCO2014"]
[Site "Tromso"]
[Date "2014.08.03"]
[Round "2.12"]
[WhiteID "2903229"]
[White "Djingarova Emilia"]
[BlackID "1505467"]
[Black "Jorgensen Line Jin"]
[Result "1/2-1/2"]
[LiveChessVersion "1.4.3"]
[BlackElo "1939"]
[WhiteElo "2303"]

1. Nf3 {[%clk 1:30:48]} d5 {[%clk 1:30:30]} 2. g3 {[%clk 1:31:08]} Nf6
{[%clk 1:30:11]} 3. Bg2 {[%clk 1:31:31]} e6 {[%clk 1:29:29]} 4. O-O
{[%clk 1:31:50]} Be7 {[%clk 1:29:53]} 5. d3 {[%clk 1:31:32]} O-O {[%clk 1:28:18]}
6. Nbd2 {[%clk 1:31:55]} Nc6 {[%clk 1:27:24]} 7. e4 {[%clk 1:30:11]} dxe4
{[%clk 1:25:52]} 8. dxe4 {[%clk 1:30:07]} e5 {[%clk 1:24:45]} 9. Qe2
{[%clk 1:23:49]} Bc5 {[%clk 1:12:01]} 10. c3 {[%clk 1:16:24]} a6 {[%clk 1:10:46]}
11. b4 {[%clk 1:06:11]} Ba7 {[%clk 1:08:52]} 12. Nc4 {[%clk 1:06:34]} Bg4
{[%clk 0:49:47]} 13. h3 {[%clk 1:02:46]} Bxf3 {[%clk 0:50:07]} 14. Qxf3
{[%clk 1:03:10]} Ne8 {[%clk 0:43:21]} 15. Rd1 {[%clk 0:43:46]} Qf6
{[%clk 0:41:45]} 16. Be3 {[%clk 0:41:27]} Qxf3 {[%clk 0:38:10]} 17. Bxf3
{[%clk 0:41:53]} b5 {[%clk 0:38:18]} 18. Bxa7 {[%clk 0:41:51]} Rxa7
{[%clk 0:38:30]} 19. Ne3 {[%clk 0:42:05]} Nd6 {[%clk 0:35:35]} 20. Nd5
{[%clk 0:39:21]} Rd8 {[%clk 0:21:37]} 21. a4 {[%clk 0:36:36]} bxa4
{[%clk 0:14:28]} 22. Rxa4 {[%clk 0:36:52]} Kf8 {[%clk 0:14:50]} 23. Rda1
{[%clk 0:34:19]} Rda8 {[%clk 0:14:35]} 24. Bg2 {[%clk 0:33:40]} a5
{[%clk 0:10:28]} 25. bxa5 {[%clk 0:32:09]} Nxa5 {[%clk 0:09:40]} 26. f4
{[%clk 0:22:02]} Ndc4 {[%clk 0:06:28]} 27. Bf1 {[%clk 0:16:55]} Nd2
{[%clk 0:03:20]} 28. R1a2 {[%clk 0:12:25]} Nxf1 {[%clk 0:03:07]} 29. Kxf1
{[%clk 0:12:53]} exf4 {[%clk 0:03:32]} 30. gxf4 {[%clk 0:13:06]} Ke8
{[%clk 0:02:46]} 31. Ke2 {[%clk 0:08:27]} Kd8 {[%clk 0:02:26]} 32. Kd3
{[%clk 0:08:23]} Nc6 {[%clk 0:02:48]} 33. Rxa7 {[%clk 0:08:34]} Rxa7
{[%clk 0:03:17]} 34. Rxa7 {[%clk 0:06:08]} Nxa7 {[%clk 0:03:47]} 35. Kc4
{[%clk 0:06:37]} Kd7 {[%clk 0:03:16]} 36. Kc5 {[%clk 0:06:52]} Nc6
{[%clk 0:02:44]} 37. h4 {[%clk 0:04:55]} 1/2-1/2

[Event "WCO2014"]
[Site "Tromso"]
[Date "2014.08.03"]
[Round "2.40"]
[WhiteID "3409414"]
[White "Abarca Gonzalez Damaris"]
[BlackID "14900440"]
[Black "Repkova Eva"]
[Result "0-1"]
[LiveChessVersion "1.4.3"]
[BlackElo "2358"]
[WhiteElo "2049"]

1. e4 {[%clk 1:30:50]} e6 {[%clk 1:30:53]} 2. d4 {[%clk 1:31:06]} d5
{[%clk 1:31:19]} 3. Nc3 {[%clk 1:31:23]} dxe4 {[%clk 1:31:08]} 4. Nxe4
{[%clk 1:31:43]} Nd7 {[%clk 1:31:32]} 5. Nf3 {[%clk 1:30:42]} Ngf6
{[%clk 1:30:14]} 6. Nxf6+ {[%clk 1:29:54]} Nxf6 {[%clk 1:30:40]} 7. c3
{[%clk 1:29:49]} c5 {[%clk 1:29:55]} 8. Bd3 {[%clk 1:28:22]} Be7 {[%clk 1:23:54]}
9. O-O {[%clk 1:28:30]} O-O {[%clk 1:24:22]} 10. Ne5 {[%clk 1:13:40]} cxd4
{[%clk 1:23:30]} 11. cxd4 {[%clk 1:14:02]} Qb6 {[%clk 1:14:44]} 12. b3
{[%clk 1:02:22]} Rd8 {[%clk 1:14:40]} 13. Bb2 {[%clk 1:02:08]} Bd7
{[%clk 1:11:40]} 14. Qe2 {[%clk 0:52:04]} Be8 {[%clk 1:04:31]} 15. Rac1
{[%clk 0:48:43]} Rac8 {[%clk 1:00:08]} 16. Rfd1 {[%clk 0:48:49]} Rxc1
{[%clk 0:58:35]} 17. Rxc1 {[%clk 0:45:19]} Nd5 {[%clk 0:58:42]} 18. Qe4
{[%clk 0:41:28]} g6 {[%clk 0:58:42]} 19. Qg4 {[%clk 0:30:27]} Nb4
{[%clk 0:52:48]} 20. Bb1 {[%clk 0:30:33]} Nc6 {[%clk 0:53:11]} 21. Nc4
{[%clk 0:26:54]} Qb5 {[%clk 0:49:53]} 22. Rd1 {[%clk 0:26:36]} Qg5
{[%clk 0:47:36]} 23. Qf3 {[%clk 0:25:50]} Bf6 {[%clk 0:46:04]} 24. Qe3
{[%clk 0:20:30]} Qc5 {[%clk 0:45:04]} 25. Be4 {[%clk 0:15:59]} Nxd4
{[%clk 0:32:29]} 26. Bxb7 {[%clk 0:13:55]} Qh5 {[%clk 0:31:20]} 27. Rd2
{[%clk 0:11:18]} e5 {[%clk 0:27:27]} 28. Bxd4 {[%clk 0:06:48]} exd4
{[%clk 0:27:26]} 29. Qf3 {[%clk 0:06:51]} Qg5 {[%clk 0:26:03]} 30. g3
{[%clk 0:06:40]} Bg7 {[%clk 0:21:25]} 31. h4 {[%clk 0:06:14]} Qb5
{[%clk 0:21:40]} 32. Be4 {[%clk 0:06:12]} f5 {[%clk 0:21:24]} 33. Bd3
{[%clk 0:05:06]} Bc6 {[%clk 0:21:17]} 34. Nb2 {[%clk 0:03:50]} Qb7
{[%clk 0:17:35]} 35. Qe2 {[%clk 0:03:36]} Re8 {[%clk 0:12:07]} 36. Bc4+
{[%clk 0:03:57]} Kh8 {[%clk 0:12:20]} 37. Qf1 {[%clk 0:02:41]} Bf3
{[%clk 0:10:20]} 38. Nd3 {[%clk 0:00:56]} Bh6 {[%clk 0:08:33]} 39. Rb2
{[%clk 0:01:11]} Qe4 {[%clk 0:07:40]} 40. b4 {[%clk 0:00:41]} Be2
{[%clk 0:02:16]} 41. Qb1 {[%clk 0:00:41]} f4 {[%clk 0:19:40]} 42. a4
{[%clk 0:20:21]} fxg3 {[%clk 0:19:42]} 43. fxg3 {[%clk 0:20:42]} Rf8
{[%clk 0:17:09]} 44. Rxe2 {[%clk 0:11:32]} Qxe2 {[%clk 0:17:34]} 0-1